Online Catalogue and eLibrary

Enviornmental NGOs in World Politics: (Record no. 1457)

MARC details
000 -LEADER
fixed length control field 00540nam a2200205Ia 4500
005 - DATE AND TIME OF LATEST TRANSACTION
control field 20250127061010.0
008 - FIXED-LENGTH DATA ELEMENTS--GENERAL INFORMATION
fixed length control field 240331s9999 xx 000 0 und d
020 ## - INTERNATIONAL STANDARD BOOK NUMBER
ISBN 0415115108
082 ## - DDC Classification
Item Number - Author Mark PRI
DDC Edition Number 3925
Class No. 304.6
100 ## - MAIN ENTRY--PERSONAL NAME
Personal name Princen, T
100 ## - MAIN ENTRY--PERSONAL NAME
Personal name Finger, M
245 #0 - TITLE STATEMENT
Title Enviornmental NGOs in World Politics:
Remainder of title Linking the Local and the Global
260 ## - PUBLICATION, DISTRIBUTION, ETC.
Place of publication, distribution, etc. London
-- New York
Name of publisher, distributor, etc. Routledge
Date of publication, distribution, etc. 1994
300 ## - PHYSICAL DESCRIPTION
Extent (e.g. Volumes, Pages etc.) xiv, 262 p.,
650 ## - SUBJECT ADDED ENTRY--TOPICAL TERM
Topical term or geographic name entry element Environment
650 ## - SUBJECT ADDED ENTRY--TOPICAL TERM
Topical term or geographic name entry element Politics
650 ## - SUBJECT ADDED ENTRY--TOPICAL TERM
Topical term or geographic name entry element Advocacy
650 ## - SUBJECT ADDED ENTRY--TOPICAL TERM
Topical term or geographic name entry element Conservation
942 ## - Koha item type (Biblio)
Koha item type Books in Stacks (Lending)
Holdings
Lost status Damaged status Collection code Home library Current library Shelving location Date acquired Full call number Accession Number Item type
    Lending WERC Library WERC Library Social Science Cupboard 03/31/2024 304.6 PRI 3925 Books in Stacks (Lending)

© WERC Library